|
|
|
|
| LEADER |
00823nab a2200241 i 4500 |
| 001 |
publ38511 |
| 005 |
20251213093846.0 |
| 008 |
251213s2025 hu o 000 hun d |
| 022 |
|
|
|a 1585-7565
|
| 024 |
7 |
|
|a 36465907
|2 mtmt
|
| 040 |
|
|
|a SZTE Publicatio Repozitórium
|b hun
|
| 041 |
|
|
|a hun
|
| 100 |
1 |
|
|a Tary Blanka
|
| 245 |
1 |
0 |
|a Szövegértés-fejlesztés a vizuális segédlet olvasási stratégiával
|h [elektronikus dokumentum] /
|c Tary Blanka
|
| 260 |
|
|
|c 2025
|
| 300 |
|
|
|a 18-32
|
| 490 |
0 |
|
|a MAGYAR REFORMÁTUS NEVELÉS: REFORMÁTUS PEDAGÓGIAI SZAKLAP
|v 22 No. 3
|
| 650 |
|
4 |
|a Oktatástudomány
|
| 700 |
0 |
1 |
|a Fejes József Balázs
|e aut
|
| 700 |
0 |
1 |
|a Hódi Ágnes
|e aut
|
| 700 |
0 |
1 |
|a Szenczi Beáta
|e aut
|
| 700 |
0 |
1 |
|a Vígh Tibor
|e aut
|
| 856 |
4 |
0 |
|u http://publicatio.bibl.u-szeged.hu/38511/7/36465907.pdf
|z Dokumentum-elérés
|